| 000 | 00729nac a22001931u 4500 | ||
|---|---|---|---|
| 020 | _a8176491292 | ||
| 082 |
_a658.802 _bH6627 |
||
| 090 |
_c1178 _d1178 |
||
| 100 | _aHines, Tony. | ||
| 245 |
_aManagement information for marketing decisions, 1999-2000 / _cTony Hines. |
||
| 260 |
_aNew Delhi : _bViva books private limited. _c2000. |
||
| 300 |
_axii, 296 p. : _bill. ; _c28 cm. |
||
| 500 | _aIncludes index. | ||
| 610 |
_aChartered Institute of Marketing _xExaminations. |
||
| 650 | _aMarketing. | ||
| 710 | _aChartered Institute of Marketing. | ||
| 942 |
_cBB _k658.802H6627 |
||
| 999 |
_c1178 _d1178 |
||